00376 2200157 4500001002100000005001500021035002000036245004300056100001600099300001200115260003500127082000800162084001400170020002200184990001200206INLIS00000000000168620250429014249 a0010-04250001021 aGran Jugadors Del Barca /cAstri Novia0 aAstri Novia a194 hlm aJakarta :bBe. Champion,c2014 a700 a700 AST g a978-602-8884-89-1 a0754657